| 000 | 00431nam a2200169 a 4500 | ||
|---|---|---|---|
| 005 | 20221118063916.0 | ||
| 008 | 991125s1949 mx 000 0 spa u | ||
| 035 | _aUPN01000000109 | ||
| 049 | _aCG | ||
| 050 | 4 |
_aGV571 _bM4.6 |
|
| 100 | 1 | _aMera Carrasco, Julio | |
| 245 | 1 | 0 |
_a500 Consejos deportivos / _cJulio Mera Carrasco. |
| 260 |
_aMéxico : _bPatria, _c1949. |
||
| 300 | _a139 p. | ||
| 650 | 2 |
_aDeportes _912162 |
|
| 905 | _aLibro | ||
| 999 |
_c109 _d109 |
||